000 00338nam a22001457a 4500
008 230720b ||||| |||| 00| 0 eng d
020 _a9780684197098
041 _aeng
080 _a61
082 _a61DUN
100 _a4
101 _aMJP
245 _aRESIDENTS THE PERILS AND PROMISE OF EDUCATING
_cDUNCAN .E .D
942 _2udc
_cBK
999 _c60191
_d60191